Szczegóły MARC21

Kwalifikowana pierwsza pomoc : atlas procedur /

003 -Nazwa inst., której nr kontr. jest w polu 001 [,]
    • @
    • Nazwa instytucji, której n kontrolny jest w polu 001
    • NUKAT
005 -DATA I CZAS OSTATNIEJ MODYFIKACJI [,]
    • @
    • pole kontrolne
    • 20241231091533.0
020 -Międzynarod. znormalizowany nr książki - ISBN [ , ]
    • a
    • Numer ISBN
    • 9788394345921 Find
040 -Instytucja sporządzająca opis [ , ]
    • a
    • Instytucja, która sporządziła opis (NP)
    • SIEDL 001/EC
    • c
    • Instytucja, która sporządziła rekord (NP)
    • SIEDL 001/EC
    • d
    • Instytucja, która zmodyfikowała rekord (P)
    • OLSZT 003/DSs
    • d
    • Instytucja, która zmodyfikowała rekord (P)
    • GD 27/AZs
942 -Rodzaj dokumentu [ , ]
    • c
    • Rodzaj dokumentu
    • Książka
245 -Strefa tytułu i oznaczenia odpowiedzialności [0,0]
    • a
    • Tytuł
    • Kwalifikowana pierwsza pomoc : Find
    • b
    • Ciąg dalszy tytułu (NP)
    • atlas procedur / Find
    • c
    • Pozostałe elementy strefy tytułu i oznaczenia odpowiedzialności (NP)
    • redakcja naukowa Łukasz Szarpak.
260 -Strefa adresu wydawniczego [ , ]
    • a
    • Miejsce wydania (P)
    • Lublin :
    • b
    • Nazwa wydawcy (P)
    • Wydawnictwo Makmed,
    • c
    • Data wydania (P)
    • 2016.
300 -Strefa opisu fizycznego [ , ]
    • a
    • Określenie formy książki i/lub objętość (NP)
    • X, 270 s. :
    • b
    • Oznaczenie ilustracji (NP)
    • il. ;
    • c
    • Format (NP)
    • 29 cm.
336 -Typ zawartości [ , ]
    • a
    • Termin opisujący typ zawartości
    • Tekst
    • b
    • Kod określający zawartość
    • txt
    • 2
    • Źródło (terminu i kodu)
    • rdacontent
337 -Typ mediów [ , ]
    • a
    • Tryb odtwarzania
    • Bez urządzenia pośredniczącego
    • b
    • Kod typu mediów
    • n
    • 2
    • Źródło (terminu i kodu)
    • rdamedia
338 -Typ/rodzaj nośnika [ , ]
    • a
    • Hasło opisujące typ nośnika
    • Wolumin
    • b
    • Kod typu nośnika
    • nc
    • 2
    • Źródło (terminu i kodu)
    • rdacarrier
504 -Uwaga dot. bibliogr. załącznikowej [ , ]
    • a
    • Uwaga dot. bibliografii załącznikowej
    • Bibliogr. s. 263-266. Indeks.
650 -Hasło przedmiotowe [ ,7]
    • a
    • Hasło przedmiotowe
    • Pierwsza pomoc
    • v
    • Określnik formalny
    • atlasy.
    • 2
    • Źródło terminu
    • kaba
    • 9
    • KHW
    • 423884
700 -Hasło dodatkowe - nazwa osobowa [1, ]
    • a
    • Nazwa osobowa (NP)
    • Szarpak, Łukasz Find
    • d
    • Daty biograficzne (NP)
    • (1984- ).
    • e
    • Określenie rodzaju współpracy
    • Red.
    • 9
    • KHW
    • 423834
710 -Hasło dodatkowe - nazwa ciała zbiorowego [2, ]
    • a
    • Nazwa ciała zbiorowego lub nazwa geograficzna jako pierwszy element (NP)
    • Wydawnictwo Makmed.
    • 4
    • Kod relacji
    • pbl
    • 9
    • KHW
    • 403398
856 -Dostęp do wersji elektronicznej [4,8]
    • 3
    • Wyszczególnienie materiału
    • Okładka
856 -Dostęp do wersji elektronicznej [4,1]
    • 3
    • Wyszczególnienie materiału
    • Spis treści
920 -ISBN [ , ]
    • a
    • ISBN
    • 978-83-943459-2-1 Find
Data inwentaryzacji Lokalizacja Status udost. Numer inwentarzowy Sygnatura
2017-11-16BG-3WM.20446 
2017-11-16BG-3WM.20447 
2017-07-20BM1WF.10062Pierwsza pomoc 13
2018-11-14BNS1H.31943H.31943